000 00550nam a22001817a 4500
005 20251108171919.0
008 250721s2000 xx 000 0 ara d
082 1 4 _a327.17/حمد
100 1 _aالحمد، جواد
245 1 0 _aمستقبل السلام في الشرق الأوسط /
250 _aط3
264 1 _aعمان :
_bمركز الدراسات الشرق الأوسط،
_c2000.
650 1 7 _aالعلاقات الدولية
650 1 7 _aالسلام
650 1 7 _aالشرق الأوسط
942 _2ddc
_cBK
999 _c65804
_d65804